Statistics for Every Thrawn Book

Click here to take the quiz!

General Stats

  • This quiz has been taken 6 times
  • The average score is 7 of 11

Answer Stats

HintAnswer% Correct
2017Star Wars: Thrawn
100%
2019Thrawn: Treason
100%
1991Heir to the Empire
75%
2020Star Wars: Thrawn Ascendancy: Chaos Rising
75%
2021Star Wars: Thrawn Ascendancy: Greater Good
75%
2021Star Wars: Thrawn Ascendancy: Lesser Evil
75%
2018Thrawn: Alliances
75%
1992Dark Force Rising
50%
1993The Last Command
50%
1997Specter of the Past
25%
1998Vision of the Future
25%

Score Distribution

Percentile by Number Answered

Percent of People with Each Score

Your Score History

You have not taken this quiz